When music migrates : (Record no. 3290)

MARC details
000 -LEADER
fixed length control field 00746cam a2200217 i 4500
008 - FIXED-LENGTH DATA ELEMENTS--GENERAL INFORMATION
fixed length control field 140205s2014 vtu b 001 0 eng
020 ## - INTERNATIONAL STANDARD BOOK NUMBER
ISBN 9781472429780 (hardcover : alk. paper)
020 ## - INTERNATIONAL STANDARD BOOK NUMBER
ISBN 1472429788
100 1# - MAIN ENTRY--AUTHOR
Author Stratton, Jon,
245 10 - TITLE STATEMENT
Title When music migrates :
Remainder of title crossing British and European racial faultlines, 1945-2010 /
Statement of responsibility, etc Jon Stratton.
260 ## - PUBLICATION, DISTRIBUTION, ETC. (IMPRINT)
Place of publication England
Name of publisher Ashgate Publishing Ltd.
Date of publication 2014
300 ## - COLLATION
Pagination x, 221 pages ;
650 #0 - TRACINGS
Main Subject Popular music
Subdivision (2nd) Social aspects
650 #0 - TRACINGS
Main Subject Music and race
650 #0 - TRACINGS
Main Subject Ska (Music)
Subdivision (2nd) History and criticism.
650 #0 - TRACINGS
Main Subject Reggae music
Subdivision (2nd) History and criticism.
650 #0 - TRACINGS
Main Subject Black people
Subdivision (2nd) Music
-- History and criticism.
942 ## - ADDED ENTRY ELEMENTS (KOHA)
Item type Books
050 00 - LIBRARY OF CONGRESS CALL NUMBER
Classification number ML3917.G7
Item number S77 2014
082 00 - DEWEY DECIMAL CLASSIFICATION NUMBER
Classification number 781.64086/91
Holdings
Source of classification or shelving scheme Not for loan Permanent location Current location Date acquired Accession No. Full call number Barcode. Koha item type
Library of Congress Classification   Samuel Ogbemudia Main Library, University of Abuja Samuel Ogbemudia Main Library, University of Abuja 05/05/2025 2024/64022 ML3917.G7.S77 2025-1745 Books